000 02707cam a22004694i 4500
003 PE-LiUPU
005 20250731183421.0
008 150625s r 000 0 d
020 _a8482113437
035 _a(Sirsi) i9788482113432
040 _aPE-LiUPU
_bspa
_cPE-LiUPU
_erda
049 _aPRUA
082 0 4 _a720.02
_bH59
_221
245 0 3 _aLa historiografía de la arquitectura moderna /
_cPevsner, Kaufmann, Giedion, Zevi, Benevolo, Hitchcock, Banham, Collins, Tafuri.
264 1 _aMadrid :
_bMairea, Celeste,
_c2001.
300 _a285 páginas :
_bilustraciones, planos ;
_c24 centímetros
336 _atext
_2rdacontent
337 _aunmediated
_2rdamedia
338 _avolume
_2rdacarrier
490 0 _aManuales universitarios de arquitectura ;
_v5
504 _aIncluye bibliografía.
505 0 _aLos historiadores del arte y las genealogía fundacionales. -El resurgimiento social. -La confrmación social. -La objetivación. -En busca del presente. -El pasado y el futuro. -La historica como crítica. -La escritura de las historicas.
526 _aP158
526 _aP146
526 _aP17
526 _aP12
526 _aP06
541 _g001-000377;
541 _g004-000263;
541 _g0054-0000909;
650 0 4 _aArquitectura moderna
_xHistoriografía.
700 1 _aSainz, Jorge,
_etraductor.
942 _2ddc
_cBOOK
949 _a720.02 H59
_wDEWEY
_c1
_i57971
_d2016-5-9
_e2016-5-9
_lCCODEBUL1
_mBUL
_n1
_p45.00
_r0
_sY
_tBOOK
_u2015-6-25
_xINGENIERIA
_PP06
_0COMPRA
_o.STAFF. Colección General
949 _a720.02 H59
_wDEWEY
_c2
_i60608
_d2016-5-11
_e2016-5-9
_lCCODEBUL1
_mBUL
_n1
_r0
_sY
_tBOOK
_u2015-6-25
_xINGENIERIA
_PP06
_0COMPRA
_o.STAFF. Colección General
949 _a720.02 H59
_wDEWEY
_c3
_i63038
_d2016-6-2
_e2016-5-30
_lCCODEBUL1
_mBUL
_n2
_p34.00
_r0
_sY
_tBOOK
_u2015-6-25
_xINGENIERIA
_PP06
_0COMPRA
_o.STAFF. Colección General
994 _aC0
_bPEPRU
596 _a1
999 _a720.02 H59
_wDEWEY
_c46952
_i57971
_d46952
_e2016-5-9
_f2021-11-9
_g7
_lCCODEBUL1
_mBUL
_n1
_p45.00
_r0
_sY
_tBOOK
_u2015-6-25
_xINGENIERIA
_PP06
_0COMPRA
_o.STAFF. Colección General
999 _a720.02 H59
_wDEWEY
_c2
_i60608
_d2016-5-11
_e2016-5-9
_f2021-11-9
_g7
_lCCODEBUL1
_mBUL
_n1
_r0
_sY
_tBOOK
_u2015-6-25
_xINGENIERIA
_PP06
_0COMPRA
_o.STAFF. Colección General
999 _a720.02 H59
_wDEWEY
_c3
_i63038
_d2016-6-2
_e2016-5-30
_f2021-11-9
_g6
_lCCODEBUL1
_mBUL
_n2
_p34.00
_r0
_sY
_tBOOK
_u2015-6-25
_xINGENIERIA
_PP06
_0COMPRA
_o.STAFF. Colección General
980 _81
_gALBERTO SANCHEZ Responsable de Automatización